[Event "II Festival del Salento A"]
[Site "Gallipoli ITA"]
[Date "2013.05.25"]
[Round "1"]
[White "Korneev, Oleg"]
[Black "Al Hajiri, Bader"]
[WhiteElo "2630"]
[BlackElo "2019"]
[Result "1-0"]
[PlyCount "53"]
[EventDate "2013.05.25"]

1. e4 e5 2. Nf3 Nf6 3. d4 Nxe4 4. Bd3 Nc6 5. dxe5 d5 6. exd6 Nxd6 7. Nc3 Be7 8.
O-O O-O 9. Bf4 Be6 10. Re1 Nc4 11. Qc1 Bf6 12. Rxe6 Nxb2 13. Re3 Bxc3 14. Bxh7+
Kxh7 15. Rxc3 Na4 16. Rxc6 bxc6 17. Qa3 Nb6 18. Ng5+ Kg6 19. Qg3 Kf5 20. h3 g6
21. Nh7 Ke6 22. Qg4+ f5 23. Qxg6+ Kd7 24. Rd1+ Kc8 25. Rxd8+ Rxd8 26. Qxc6 Rd7
27. Nf6 1-0

[Event "II Festival del Salento A"]
[Site "Gallipoli ITA"]
[Date "2013.05.25"]
[Round "1"]
[White "Mastrolonardo, Francesco"]
[Black "Chernukhin, Alexander"]
[WhiteElo "1912"]
[BlackElo "2091"]
[Result "1/2-1/2"]
[PlyCount "55"]
[EventDate "2013.05.25"]

1. e4 c6 2. d4 d5 3. Nc3 dxe4 4. Nxe4 Nd7 5. Nf3 Ngf6 6. Neg5 e6 7. Bd3 Bd6 8.
O-O h6 9. Ne4 Nxe4 10. Bxe4 Qc7 11. Re1 O-O 12. c3 Nf6 13. Bd3 b6 14. Ne5 Bb7
15. Bf4 c5 16. Bg3 cxd4 17. cxd4 Bd5 18. Qe2 Rad8 19. a3 Qb7 20. f4 Nd7 21. Ba6
Qa8 22. Rac1 f5 23. Bb5 Nxe5 24. dxe5 Bc5+ 25. Bf2 Bxg2 26. Bxc5 Bf3 27. Qf2
bxc5 28. Rxc5 1/2-1/2

[Event "II Festival del Salento A"]
[Site "Gallipoli ITA"]
[Date "2013.05.25"]
[Round "1"]
[White "Messina, Roberta"]
[Black "Valsecchi, Alessio"]
[WhiteElo "1998"]
[BlackElo "2429"]
[Result "0-1"]
[PlyCount "62"]
[EventDate "2013.05.25"]

1. c4 Nf6 2. g3 g6 3. Bg2 Bg7 4. Nc3 O-O 5. Nf3 d6 6. O-O e5 7. d3 h6 8. Rb1 a5
9. a3 Re8 10. b4 axb4 11. axb4 Be6 12. Qb3 Nbd7 13. Nd2 c6 14. b5 Nc5 15. Qc2
Qc8 16. bxc6 bxc6 17. Rb6 d5 18. cxd5 cxd5 19. Nb5 Bf8 20. d4 Nfd7 21. Rd6 exd4
22. Bxd5 Bxd5 23. Rxd5 Qc6 24. Qc4 Nb6 25. Rxc5 Bxc5 26. Nxd4 Qd6 27. Nf5 gxf5
28. Qh4 Rxe2 29. Nb3 Ra4 30. Qh5 Bxf2+ 31. Rxf2 Qd1+ 0-1

[Event "II Festival del Salento A"]
[Site "Gallipoli ITA"]
[Date "2013.05.25"]
[Round "1"]
[White "Minerba, Paolo"]
[Black "Schmitz, Manuela"]
[WhiteElo "1874"]
[BlackElo "2027"]
[Result "0-1"]
[PlyCount "50"]
[EventDate "2013.05.25"]

1. e4 e6 2. d4 d5 3. exd5 exd5 4. c4 Nf6 5. Nc3 Be7 6. Nf3 O-O 7. Be2 dxc4 8.
Bxc4 Bg4 9. Be3 Nbd7 10. O-O Nb6 11. Bb3 Nbd5 12. Rc1 c6 13. Re1 Bb4 14. Bd2
Ba5 15. Nxd5 Nxd5 16. Bxa5 Qxa5 17. Rc5 Bxf3 18. gxf3 Qb4 19. a3 Qb6 20. Bxd5
cxd5 21. Qc2 Qf6 22. Qd3 Qg5+ 23. Kh1 Rae8 24. Re3 Re6 25. Qb3 Rg6 0-1

[Event "II Festival del Salento A"]
[Site "Gallipoli ITA"]
[Date "2013.05.25"]
[Round "1"]
[White "Naumkin, Igor"]
[Black "Rothebarth De Paula, Ana Vitoria"]
[WhiteElo "2453"]
[BlackElo "2006"]
[Result "1-0"]
[PlyCount "59"]
[EventDate "2013.05.25"]

1. d4 Nf6 2. c4 e6 3. Nf3 b6 4. g3 Bb7 5. Bg2 Bb4+ 6. Nbd2 O-O 7. O-O Bxd2 8.
Qxd2 d6 9. b3 Nbd7 10. Bb2 Ne4 11. Qc2 f5 12. Rad1 Qe8 13. d5 e5 14. Nh4 g6 15.
Bxe4 fxe4 16. Qxe4 Nf6 17. Qc2 g5 18. Nf5 Bc8 19. f3 Kh8 20. Kh1 Nh5 21. e4
Bxf5 22. exf5 Qe7 23. f4 gxf4 24. gxf4 Qh4 25. fxe5 Ng3+ 26. Kg1 Nxf1 27. e6+
Kg8 28. Qg2+ Ng3 29. Rd3 Rxf5 30. Rxg3+ 1-0

[Event "II Festival del Salento A"]
[Site "Gallipoli ITA"]
[Date "2013.05.25"]
[Round "1"]
[White "O'Leary, Matt"]
[Black "De Giorgi, Stefano"]
[WhiteElo "1932"]
[BlackElo "2102"]
[Result "0-1"]
[PlyCount "74"]
[EventDate "2013.05.25"]

1. d4 e6 2. c4 b6 3. Nf3 Bb7 4. e3 Nf6 5. Nc3 Bb4 6. Bd3 Bxc3+ 7. bxc3 Ne4 8.
Qc2 f5 9. Ba3 d6 10. Qa4+ Bc6 11. Qb3 Nd7 12. c5 d5 13. cxb6 axb6 14. Qb4 Ra4
15. Qb2 Kf7 16. Bc2 Ra7 17. Bb4 Ba4 18. c4 Bxc2 19. Qxc2 c5 20. dxc5 bxc5 21.
Bc3 Ra3 22. Bb2 Qa5+ 23. Kf1 Rxa2 24. Rxa2 Qxa2 25. Ke2 Rb8 26. Rb1 Qxb1 27.
Qxb1 Nc3+ 28. Bxc3 Rxb1 29. Ng5+ Kg6 30. Nxe6 dxc4 31. Nxg7 Rb3 32. Kd2 Nb6 33.
Ne6 Na4 34. Nf4+ Kf7 35. Be5 c3+ 36. Kc2 Rb2+ 37. Kd3 Rd2+ 0-1

[Event "II Festival del Salento A"]
[Site "Gallipoli ITA"]
[Date "2013.05.25"]
[Round "1"]
[White "Ortega Ruiz, Jose' Miguel"]
[Black "Fasiello, Andrea"]
[WhiteElo "2346"]
[BlackElo "1988"]
[Result "1-0"]
[PlyCount "59"]
[EventDate "2013.05.25"]

1. d4 d5 2. c4 e6 3. Nf3 Nf6 4. e3 Be7 5. Nc3 O-O 6. Bd3 Nbd7 7. O-O dxc4 8.
Bxc4 a6 9. Qe2 b5 10. Bb3 Bb7 11. Rd1 Qc8 12. Bd2 c5 13. Rac1 Qe8 14. Bc2 cxd4
15. exd4 Nb6 16. Ne5 Qd8 17. Bg5 b4 18. Bxf6 Bxf6 19. Ne4 Bd5 20. Rd3 Bxe4 21.
Qxe4 Qd5 22. Rh3 g6 23. Qe3 Bg7 24. Be4 Qxa2 25. Bxa8 Rxa8 26. g4 Qxb2 27. Rc7
Nd5 28. Qf3 Qb1+ 29. Kg2 Nxc7 30. Qxf7+ 1-0

[Event "II Festival del Salento A"]
[Site "Gallipoli ITA"]
[Date "2013.05.25"]
[Round "1"]
[White "Pizzuto, Samuele Tullio"]
[Black "Schiappoli, Dario"]
[WhiteElo "2099"]
[BlackElo "1930"]
[Result "1/2-1/2"]
[PlyCount "80"]
[EventDate "2013.05.25"]

1. d4 Nf6 2. Nc3 c5 3. dxc5 Qa5 4. a3 Qxc5 5. e4 d6 6. Be2 a6 7. Nf3 e6 8. O-O
b5 9. Be3 Qc7 10. Nd4 Bb7 11. f3 Nbd7 12. Qe1 Ne5 13. Rd1 Be7 14. Kh1 Rc8 15.
Bc1 Nc4 16. Nb1 d5 17. b3 Nb6 18. e5 Nfd7 19. f4 Bc5 20. c3 O-O 21. Bd3 Be7 22.
Rf3 Nc5 23. Bc2 Ne4 24. Bb2 Bc5 25. Rh3 Qe7 26. Qe2 g6 27. Qe3 f6 28. exf6 Qxf6
29. Bxe4 dxe4 30. f5 Bxd4 31. Rxd4 Qxf5 32. Nd2 Nd5 33. Qe1 Qf2 34. Qxf2 Rxf2
35. Kg1 Rcf8 36. Bc1 e3 37. Nf3 Nf4 38. Rxf4 Rxf4 39. Bxe3 R2xf3 40. gxf3 Rxf3
1/2-1/2

[Event "II Festival del Salento A"]
[Site "Gallipoli ITA"]
[Date "2013.05.25"]
[Round "1"]
[White "Ranfagni, Stefano"]
[Black "Piscopo, Pierluigi"]
[WhiteElo "1994"]
[BlackElo "2393"]
[Result "0-1"]
[PlyCount "94"]
[EventDate "2013.05.25"]

1. e4 c5 2. Nc3 Nc6 3. f4 g6 4. Nf3 Bg7 5. Bb5 Nd4 6. O-O a6 7. Be2 e6 8. e5 f5
9. a4 Nh6 10. Bc4 Nf7 11. Ne2 Nxf3+ 12. Rxf3 d6 13. exd6 Qxd6 14. c3 O-O 15. d4
Bd7 16. Be3 cxd4 17. Nxd4 Qe7 18. Qb3 Rfe8 19. Re1 Nd6 20. Bd3 Qf7 21. Qb6 e5
22. fxe5 Bxe5 23. Bf2 Qf6 24. Bc2 Re7 25. Rd1 Be8 26. Rh3 Ne4 27. Qxf6 Bxf6 28.
Be3 Bf7 29. Bb3 h5 30. Bxf7+ Kxf7 31. Nb3 Ng5 32. Rg3 h4 33. Bxg5 hxg3 34. Bxf6
gxh2+ 35. Kxh2 Kxf6 36. Nd4 Rae8 37. Rd3 Re3 38. Rd2 Re1 39. Nf3 R1e2 40. Rd6+
R8e6 41. Rxe6+ Rxe6 42. Nd4 Re1 43. b4 Re3 44. b5 Rxc3 45. bxa6 bxa6 46. a5 Rc5
47. Nb3 Rb5 0-1

[Event "II Festival del Salento A"]
[Site "Gallipoli ITA"]
[Date "2013.05.25"]
[Round "1"]
[White "Vargas, Gabriela"]
[Black "Cammarota, Vittorio"]
[WhiteElo "2057"]
[BlackElo "1884"]
[Result "1-0"]
[PlyCount "101"]
[EventDate "2013.05.25"]

1. d4 d5 2. Nf3 c6 3. c4 Nf6 4. e3 a6 5. Be2 Bf5 6. Nc3 e6 7. Nh4 Bg6 8. Nxg6
hxg6 9. O-O Nbd7 10. c5 Qc7 11. f4 Be7 12. b4 b6 13. Bd2 O-O 14. Qc2 bxc5 15.
bxc5 Rfb8 16. Rab1 Qa7 17. Rxb8+ Rxb8 18. Rb1 a5 19. Rxb8+ Qxb8 20. Na4 Bd8 21.
Qb2 Qxb2 22. Nxb2 Ne4 23. Be1 g5 24. Nd3 gxf4 25. exf4 Bf6 26. Ne5 Nxe5 27.
fxe5 Bd8 28. Ba6 Bg5 29. Bf2 Nc3 30. h4 Bd2 31. a3 Nb1 32. Bb7 Nxa3 33. Bxc6
Kf8 34. Kf1 Ke7 35. Ke2 Bb4 36. Kd3 Nc4 37. Bb5 Na3 38. Ba4 Kd8 39. h5 Nb1 40.
Bh4+ Kc7 41. Bf6 Nc3 42. Bxg7 Ne4 43. h6 Ng5 44. Bf6 Nh7 45. Be7 Be1 46. Ke3
Bg3 47. Bc2 Bh2 48. Bxh7 Bg1+ 49. Kd3 a4 50. Kc3 a3 51. Bb1 1-0

[Event "II Festival del Salento A"]
[Site "Gallipoli ITA"]
[Date "2013.05.26"]
[Round "2"]
[White "Al Hamlan, Faisal"]
[Black "Tania, Sachdev"]
[WhiteElo "1968"]
[BlackElo "2408"]
[Result "0-1"]
[PlyCount "110"]
[EventDate "2013.05.25"]

1. d4 Nf6 2. Nf3 e6 3. g3 c5 4. c3 b6 5. Bg2 Bb7 6. O-O Be7 7. Bg5 d6 8. Nbd2
Nbd7 9. Re1 cxd4 10. cxd4 O-O 11. Qa4 a6 12. Rac1 b5 13. Qc2 Rc8 14. Qb1 h6 15.
Bxf6 Nxf6 16. Rxc8 Qxc8 17. Rc1 Qa8 18. Ne1 Nd5 19. e3 Re8 20. a3 Qb8 21. Nd3
a5 22. b4 a4 23. Rc2 Bg5 24. Nf1 Nb6 25. Bxb7 Qxb7 26. Nd2 d5 27. Nc5 Qa7 28.
f4 Be7 29. Rc3 Nc4 30. Qc2 Bxc5 31. dxc5 e5 32. Nxc4 dxc4 33. Qd2 Qc7 34. Qd5
exf4 35. exf4 Qe7 36. Qd2 Rd8 37. Qe3 Rd1+ 38. Kg2 Qd7 39. Rc2 Qd5+ 40. Kf2 Rh1
41. Re2 Rxh2+ 42. Ke1 Rh1+ 43. Kf2 Qd1 44. Qe8+ Kh7 45. Qe4+ g6 46. Re1 Rh2+
47. Kf1 Qd2 48. Re2 Qc1+ 49. Re1 Qb2 50. Qf3 Qb3 51. Re3 c3 52. Kg1 Rd2 53.
Rxc3 Qb1+ 54. Qf1 Rd1 55. Qxd1 Qxd1+ 0-1

[Event "II Festival del Salento A"]
[Site "Gallipoli ITA"]
[Date "2013.05.26"]
[Round "2"]
[White "Al Khateeb, Taher"]
[Black "Dedijer, Sanja"]
[WhiteElo "1984"]
[BlackElo "2018"]
[Result "1-0"]
[PlyCount "63"]
[EventDate "2013.05.25"]

1. d4 d5 2. Bf4 Bf5 3. e3 e6 4. c4 c6 5. Nc3 Nf6 6. Qb3 Qb6 7. c5 Qxb3 8. axb3
Nfd7 9. Nf3 f6 10. b4 Bg4 11. Be2 Bxf3 12. Bxf3 e5 13. Bg3 Be7 14. b5 e4 15.
Bg4 Kf7 16. bxc6 bxc6 17. b4 h5 18. Bxd7 Nxd7 19. h3 h4 20. Bh2 a6 21. O-O Bd8
22. b5 cxb5 23. Nxb5 f5 24. Nc3 Nf6 25. Ra2 Re8 26. Nb5 Re6 27. Rfa1 Rc6 28.
Nd6+ Ke6 29. Nb7 Be7 30. Na5 Rcc8 31. Rb2 Bd8 32. Nb7 1-0

[Event "II Festival del Salento A"]
[Site "Gallipoli ITA"]
[Date "2013.05.26"]
[Round "2"]
[White "Alkhaldi, Bader"]
[Black "O'Leary, Matt"]
[WhiteElo "1997"]
[BlackElo "1932"]
[Result "1-0"]
[PlyCount "49"]
[EventDate "2013.05.25"]

1. d4 Nf6 2. c4 e6 3. Nf3 c5 4. d5 d6 5. Nc3 Be7 6. e4 exd5 7. cxd5 O-O 8. Bd3
Bg4 9. h3 Bh5 10. Qb3 Bxf3 11. gxf3 Nbd7 12. Qxb7 Qa5 13. Qa6 Qb4 14. a3 Qb8
15. Rb1 Rc8 16. Bd2 Ne5 17. Be2 Rc7 18. f4 Ned7 19. e5 dxe5 20. d6 Rb7 21. dxe7
Rxb2 22. Rxb2 Qxb2 23. Qa5 Qa1+ 24. Nd1 Ne4 25. Qd8+ 1-0

[Event "II Festival del Salento A"]
[Site "Gallipoli ITA"]
[Date "2013.05.26"]
[Round "2"]
[White "Balducci, Alessandro"]
[Black "Ortega Ruiz, Jose' Miguel"]
[WhiteElo "1848"]
[BlackElo "2346"]
[Result "0-1"]
[PlyCount "60"]
[EventDate "2013.05.25"]

1. c4 e5 2. g3 Nf6 3. Bg2 d5 4. cxd5 Nxd5 5. Nc3 Nb6 6. Nf3 Nc6 7. O-O Be7 8.
d3 O-O 9. a3 f5 10. b4 Bf6 11. Bb2 Be6 12. Qc2 Qd7 13. Rac1 Nd4 14. Nxd4 exd4
15. Nb1 c6 16. Nd2 Qf7 17. e3 dxe3 18. fxe3 Rad8 19. Bxf6 Qxf6 20. Qc3 Qxc3 21.
Rxc3 Na4 22. Rc2 Rxd3 23. e4 Rxa3 24. exf5 Bxf5 25. Be4 Bxe4 26. Rxf8+ Kxf8 27.
Nxe4 Rb3 28. Rc4 Nb6 29. Rd4 Nd5 30. Ng5 Rxb4 0-1

[Event "II Festival del Salento A"]
[Site "Gallipoli ITA"]
[Date "2013.05.26"]
[Round "2"]
[White "Chernukhin, Alexander"]
[Black "Klein, Gernot"]
[WhiteElo "2091"]
[BlackElo "1888"]
[Result "0-1"]
[PlyCount "80"]
[EventDate "2013.05.25"]

1. c4 e6 2. Nc3 d5 3. d4 c6 4. Nf3 dxc4 5. e4 b5 6. Be2 Nf6 7. Qc2 Be7 8. O-O
Bb7 9. Rd1 O-O 10. Ne5 Nbd7 11. Bf4 Qb6 12. a4 a6 13. Bf3 Rfd8 14. axb5 axb5
15. Rxa8 Bxa8 16. h3 Nxe5 17. Bxe5 Bb7 18. Qc1 Nd7 19. Bg3 Nf8 20. Qe3 Ng6 21.
e5 Bf8 22. Qe4 Rd7 23. Qg4 Qd8 24. h4 Ne7 25. Ne4 Kh8 26. Nc5 Rc7 27. Be4 Bc8
28. Qf3 Nd5 29. Bb1 b4 30. Qe4 g6 31. h5 Qg5 32. hxg6 hxg6 33. Qc2 Bxc5 34.
dxc5 Rd7 35. Rd4 Ne3 36. fxe3 Qxg3 37. Qe4 Rd5 38. Rxd5 exd5 39. Qf4 Qxf4 40.
exf4 Bf5 0-1

[Event "II Festival del Salento A"]
[Site "Gallipoli ITA"]
[Date "2013.05.26"]
[Round "2"]
[White "De Giorgi, Stefano"]
[Black "Korneev, Oleg"]
[WhiteElo "2102"]
[BlackElo "2630"]
[Result "0-1"]
[PlyCount "72"]
[EventDate "2013.05.25"]

1. e4 c5 2. Nf3 e6 3. d3 Nc6 4. g3 d5 5. Nbd2 Bd6 6. Bg2 Nge7 7. O-O O-O 8. Re1
Qc7 9. Qe2 f6 10. c3 Bd7 11. b3 d4 12. cxd4 cxd4 13. Nc4 Bb4 14. Bd2 b5 15.
Bxb4 Nxb4 16. a3 bxc4 17. axb4 cxd3 18. Qxd3 e5 19. Qc4+ Qxc4 20. bxc4 a6 21.
Nxd4 exd4 22. e5 Rad8 23. exf6 Nc6 24. Bd5+ Kh8 25. fxg7+ Kxg7 26. Rxa6 Nxb4
27. Re7+ Kh8 28. Rh6 Bf5 29. Be6 Bg6 30. Rb7 d3 31. Rxb4 d2 32. Bg4 d1=Q+ 33.
Bxd1 Rxd1+ 34. Kg2 Rd2 35. Kh3 Rfxf2 36. Kh4 Kg7 0-1

[Event "II Festival del Salento A"]
[Site "Gallipoli ITA"]
[Date "2013.05.26"]
[Round "2"]
[White "Fasiello, Andrea"]
[Black "Minerba, Paolo"]
[WhiteElo "1988"]
[BlackElo "1874"]
[Result "1/2-1/2"]
[PlyCount "24"]
[EventDate "2013.05.25"]

1. d4 d5 2. Nf3 Nf6 3. Bg5 c5 4. e3 Qb6 5. Qc1 Bf5 6. Be2 e6 7. c3 Nbd7 8. e4
Bd6 9. e5 Qc7 10. exd6 Qxd6 11. O-O e5 12. Nbd2 b6 1/2-1/2

[Event "II Festival del Salento A"]
[Site "Gallipoli ITA"]
[Date "2013.05.26"]
[Round "2"]
[White "Horvath, Csaba"]
[Black "Caruso, Augusto"]
[WhiteElo "2516"]
[BlackElo "2272"]
[Result "1-0"]
[PlyCount "71"]
[EventDate "2013.05.25"]

1. d4 e6 2. g3 f5 3. Bg2 Nf6 4. c4 Be7 5. Nf3 d6 6. O-O O-O 7. b3 Nc6 8. Bb2 d5
9. Nc3 Ne4 10. Rc1 a5 11. e3 Nxc3 12. Bxc3 Bd7 13. Ne1 Nb4 14. Qd2 Be8 15. a3
Nc6 16. Bb2 a4 17. b4 Na7 18. Nd3 dxc4 19. Rxc4 Bb5 20. Rc2 c6 21. Re1 Bxd3 22.
Qxd3 Nb5 23. e4 Bf6 24. d5 Bxb2 25. Rxb2 exd5 26. exd5 Qf6 27. Rbe2 Rad8 28.
Re7 Rf7 29. R7e6 Qb2 30. Re8+ Rf8 31. Rxd8 Rxd8 32. Qxf5 Qf6 33. Qxf6 gxf6 34.
dxc6 bxc6 35. Bxc6 Nd4 36. Re8+ 1-0

[Event "II Festival del Salento A"]
[Site "Gallipoli ITA"]
[Date "2013.05.26"]
[Round "2"]
[White "Paolillo, Gaia"]
[Black "Ranfagni, Stefano"]
[WhiteElo "1903"]
[BlackElo "1994"]
[Result "1/2-1/2"]
[PlyCount "131"]
[EventDate "2013.05.25"]

1. e4 e6 2. d4 d5 3. exd5 exd5 4. Nf3 Bd6 5. Bd3 Nf6 6. O-O O-O 7. Bg5 h6 8.
Bh4 Bg4 9. Re1 Nc6 10. c3 Bf4 11. Nbd2 Qd6 12. Bg3 Bxg3 13. hxg3 Rfe8 14. Qb3
b6 15. Bb5 Bd7 16. Bxc6 Bxc6 17. Ne5 Bb7 18. Qc2 Re6 19. Re3 Rae8 20. Rae1 Ne4
21. Nxe4 dxe4 22. Qe2 c5 23. Nc4 Qc7 24. dxc5 Qxc5 25. Nd2 f5 26. Nb3 Qc8 27.
Nd4 Ba6 28. Qh5 Re5 29. Qg6 Rf8 30. Qd6 Ree8 31. g4 fxg4 32. Rxe4 Rxe4 33. Qd5+
Kh8 34. Qxe4 Bb7 35. Qe7 Kg8 36. Re5 Rf7 37. Qd6 Qf8 38. Qxf8+ Rxf8 39. Re7 Rf7
40. Rxf7 Kxf7 41. Nb5 Bd5 42. Nxa7 Bxa2 43. Nc8 Ke6 44. Nxb6 Kd6 45. b4 Bb3 46.
c4 g5 47. c5+ Kc6 48. Nc8 Be6 49. Nd6 h5 50. Ne4 Kb5 51. Nxg5 Bd5 52. Nh7 Kxb4
53. Nf6 Kxc5 54. Nxh5 Kd6 55. Nf4 Bc4 56. Kh2 Ke5 57. Kg3 Kf5 58. f3 gxf3 59.
gxf3 Bb3 60. Ng2 Ba2 61. Ne3+ Kf6 62. f4 Bb1 63. Kg4 Be4 64. Nf1 Bd3 65. Ng3
Bg6 66. Kh4 1/2-1/2

[Event "II Festival del Salento A"]
[Site "Gallipoli ITA"]
[Date "2013.05.26"]
[Round "2"]
[White "Piscopo, Pierluigi"]
[Black "Gutierrez, Leonela"]
[WhiteElo "2393"]
[BlackElo "2090"]
[Result "1-0"]
[PlyCount "71"]
[EventDate "2013.05.25"]

1. e4 c5 2. Nf3 d6 3. c3 Nf6 4. h3 Nc6 5. Bd3 e6 6. Bc2 Be7 7. d4 Qc7 8. O-O
O-O 9. Re1 cxd4 10. cxd4 Nb4 11. Bb3 d5 12. e5 Ne4 13. a3 Nc6 14. Bc2 f5 15.
exf6 Bxf6 16. Bxe4 dxe4 17. Rxe4 Rd8 18. Nc3 Qb6 19. Bg5 Bxg5 20. Nxg5 h6 21.
Nxe6 Bxe6 22. Rxe6 Qxb2 23. Qe1 Nxd4 24. Rb1 Qc2 25. Re7 b6 26. Ne4 Rac8 27.
Ng3 Rf8 28. Rb4 Nc6 29. Qe6+ Kh8 30. Rxg7 Kxg7 31. Rg4+ Kh8 32. Ne4 Qc1+ 33.
Kh2 Rc7 34. f4 Rh7 35. Nf6 h5 36. Rg8+ 1-0

[Event "II Festival del Salento A"]
[Site "Gallipoli ITA"]
[Date "2013.05.26"]
[Round "2"]
[White "Quaranta, Cristiano"]
[Black "Bernabei, Alberto"]
[WhiteElo "2172"]
[BlackElo "1968"]
[Result "1-0"]
[PlyCount "47"]
[EventDate "2013.05.25"]

1. e4 c5 2. Na3 d6 3. c3 Nf6 4. g3 g6 5. Bg2 Bg7 6. Ne2 O-O 7. d4 cxd4 8. cxd4
Nc6 9. O-O Bg4 10. f3 Bd7 11. Be3 Qb8 12. Qd2 Rc8 13. h3 b5 14. d5 Ne5 15. b3
b4 16. Nc2 Bb5 17. Ncd4 Rc3 18. Nxc3 Bxf1 19. Bxf1 bxc3 20. Qc2 Qb4 21. Kg2 Rc8
22. Be2 Ne8 23. f4 Nc4 24. bxc4 1-0

[Event "II Festival del Salento A"]
[Site "Gallipoli ITA"]
[Date "2013.05.26"]
[Round "2"]
[White "Rothebarth De Paula, Ana Vitoria"]
[Black "Wynarczyk, Raymond"]
[WhiteElo "2006"]
[BlackElo "1959"]
[Result "1/2-1/2"]
[PlyCount "96"]
[EventDate "2013.05.25"]

1. e4 c5 2. Nc3 e6 3. f4 d6 4. Nf3 Nf6 5. Bb5+ Bd7 6. Bxd7+ Qxd7 7. O-O Nc6 8.
d4 cxd4 9. Nxd4 Rc8 10. Nxc6 Qxc6 11. Qf3 Be7 12. Be3 a6 13. e5 Qxf3 14. Rxf3
dxe5 15. fxe5 Ng4 16. Bf4 Bc5+ 17. Kf1 Bd4 18. Re1 Bxc3 19. Rxc3 Rxc3 20. bxc3
Kd7 21. h3 Nh6 22. Bxh6 gxh6 23. Rd1+ Kc7 24. Rd4 Rd8 25. Ke2 Rg8 26. Kf3 Rg5
27. Rf4 Rxe5 28. Rxf7+ Kc6 29. Rxh7 Rc5 30. Rxh6 Rxc3+ 31. Kf4 Rxc2 32. Rxe6+
Kd5 33. Rb6 Rxg2 34. h4 Rxa2 35. h5 Rf2+ 36. Kg5 Rf7 37. Kg6 Re7 38. h6 Kc5 39.
Rf6 a5 40. Rf5+ Kb4 41. Rf7 Re6+ 42. Kg7 Rxh6 43. Rxb7+ Kc3 44. Kxh6 a4 45. Ra7
Kb3 46. Kg5 a3 47. Kf4 a2 48. Ke3 Kb2 1/2-1/2

[Event "II Festival del Salento A"]
[Site "Gallipoli ITA"]
[Date "2013.05.26"]
[Round "2"]
[White "Sansonetti, Giorgio"]
[Black "Mastrolonardo, Francesco"]
[WhiteElo "2113"]
[BlackElo "1912"]
[Result "1-0"]
[PlyCount "67"]
[EventDate "2013.05.25"]

1. d4 Nf6 2. f4 d5 3. Nf3 e6 4. e3 c5 5. Nbd2 Nc6 6. c3 Bd6 7. Ne5 Ne4 8. Qh5
g6 9. Qh6 Bf8 10. Qh3 Be7 11. Bd3 Nxd2 12. Bxd2 Nxe5 13. fxe5 c4 14. Bc2 O-O
15. O-O f5 16. exf6 Bxf6 17. Qg3 Bd7 18. e4 Bc6 19. Bh6 Rf7 20. e5 Bg7 21. Rxf7
Kxf7 22. Rf1+ Kg8 23. Bxg7 Kxg7 24. Rf6 Qe7 25. Bxg6 hxg6 26. Qxg6+ Kh8 27.
Qh5+ Kg8 28. Rg6+ Qg7 29. Rxg7+ Kxg7 30. Qg5+ Kh7 31. Qe7+ Kh8 32. Qxe6 Rf8 33.
h4 Kh7 34. h5 1-0

[Event "II Festival del Salento A"]
[Site "Gallipoli ITA"]
[Date "2013.05.26"]
[Round "2"]
[White "Schiappoli, Dario"]
[Black "Dedijer, Mira"]
[WhiteElo "1930"]
[BlackElo "1980"]
[Result "0-1"]
[PlyCount "76"]
[EventDate "2013.05.25"]

1. e4 e5 2. f4 exf4 3. Nf3 d6 4. Bc4 h6 5. O-O g5 6. d4 Bg7 7. c3 Ne7 8. Qb3
O-O 9. h4 Nec6 10. Qc2 Na5 11. Bd3 c5 12. d5 c4 13. Be2 f5 14. hxg5 hxg5 15.
Nxg5 Qxg5 16. Bxf4 Qe7 17. b4 cxb3 18. axb3 b6 19. Nd2 Nb7 20. b4 a5 21. Bd3
fxe4 22. Bxe4 Nd7 23. Rae1 Qh4 24. g3 Qh8 25. Kg2 Nf6 26. Rh1 Nh5 27. Qd1 Nxf4+
28. gxf4 Bh6 29. Re3 Rxf4 30. Rg3+ Kf8 31. Qh5 Rf6 32. Bg6 axb4 33. Qe2 Bd7 34.
Ne4 Rf4 35. Rf3 Qg7 36. Rxf4+ Bxf4 37. Qh5 Ra2+ 38. Nf2 bxc3 0-1

[Event "II Festival del Salento A"]
[Site "Gallipoli ITA"]
[Date "2013.05.26"]
[Round "2"]
[White "Schmitz, Andreas Arnold"]
[Black "Pizzuto, Samuele Tullio"]
[WhiteElo "2059"]
[BlackElo "2099"]
[Result "0-1"]
[PlyCount "46"]
[EventDate "2013.05.25"]

1. e4 Nc6 2. d4 e5 3. dxe5 Nxe5 4. Nf3 Bb4+ 5. Bd2 Qe7 6. Nxe5 Bxd2+ 7. Qxd2
Qxe5 8. Nc3 Nf6 9. O-O-O O-O 10. f4 Qc5 11. e5 Ng4 12. Be2 Nf2 13. Bf3 Nxh1 14.
Ne4 Qe7 15. g4 d6 16. exd6 cxd6 17. f5 Rd8 18. Bxh1 d5 19. Qd4 Bxf5 20. Nd2 Be6
21. Nf3 Rac8 22. b3 Qc5 23. Qe5 Qxc2# 0-1

[Event "II Festival del Salento A"]
[Site "Gallipoli ITA"]
[Date "2013.05.26"]
[Round "2"]
[White "Schmitz, Manuela"]
[Black "Naumkin, Igor"]
[WhiteElo "2027"]
[BlackElo "2453"]
[Result "0-1"]
[PlyCount "54"]
[EventDate "2013.05.25"]

1. d4 Nf6 2. Nf3 e6 3. c4 b6 4. e3 Bb7 5. Bd3 Be7 6. O-O O-O 7. Nc3 d5 8. b3
Nbd7 9. Bb2 Ne4 10. Bxe4 dxe4 11. Nd2 f5 12. f3 exf3 13. Nxf3 Nf6 14. Qe2 a6
15. Rad1 Qe8 16. Ne5 Bd6 17. Nd3 Rd8 18. Nf2 Qg6 19. e4 fxe4 20. Qe3 e5 21. Ne2
exd4 22. Bxd4 Nh5 23. Nh3 h6 24. Nhf4 Nxf4 25. Nxf4 Bxf4 26. Rxf4 Rxf4 27. Qxf4
e3 0-1

[Event "II Festival del Salento A"]
[Site "Gallipoli ITA"]
[Date "2013.05.27"]
[Round "3"]
[White "Bernabei, Alberto"]
[Black "Chernukhin, Alexander"]
[WhiteElo "1968"]
[BlackElo "2091"]
[Result "0-1"]
[PlyCount "72"]
[EventDate "2013.05.25"]

1. e4 d5 2. exd5 Nf6 3. d4 Nxd5 4. c4 Nb6 5. Nf3 g6 6. Be2 Bg7 7. h3 O-O 8. O-O
Nc6 9. Be3 e5 10. d5 Ne7 11. Nc3 Nf5 12. Bc5 Re8 13. Ne4 Nd6 14. Nxd6 cxd6 15.
Ba3 a5 16. Rc1 e4 17. Nd4 Be5 18. Nb5 Bxh3 19. f4 exf3 20. Bxf3 Bf5 21. Nxd6
Bxd6 22. Bxd6 Qxd6 23. c5 Qe7 24. cxb6 Qe3+ 25. Kh1 Qxb6 26. Qd2 Qd6 27. Rfe1
Rxe1+ 28. Rxe1 a4 29. a3 Rc8 30. Be4 Bd7 31. Bf3 Rc4 32. Qf2 Qf6 33. Re2 Rf4
34. Qe3 Bb5 35. Rd2 Rc4 36. Bd1 Rh4+ 0-1

[Event "II Festival del Salento A"]
[Site "Gallipoli ITA"]
[Date "2013.05.27"]
[Round "3"]
[White "Callier, Christophe"]
[Black "Al Khateeb, Taher"]
[WhiteElo "2102"]
[BlackElo "1984"]
[Result "1-0"]
[PlyCount "123"]
[EventDate "2013.05.25"]

1. e4 c5 2. Nf3 Nc6 3. d4 cxd4 4. Nxd4 g6 5. Nc3 Bg7 6. Be3 Nf6 7. Bc4 Qa5 8.
O-O O-O 9. Nb3 Qd8 10. f4 d6 11. Be2 a5 12. a4 Be6 13. Kh1 Bxb3 14. cxb3 Nb4
15. Bf3 Nd7 16. Rf2 Nc5 17. Rd2 Qc8 18. Bd4 Bxd4 19. Rxd4 Qe6 20. Ra3 Qf6 21.
Qd2 Ne6 22. e5 dxe5 23. fxe5 Qxe5 24. Re4 Qf5 25. Be2 Rfd8 26. Qh6 Rd4 27. Re3
Qf4 28. Qxf4 Rxf4 29. Re5 Kf8 30. Ra1 Nd4 31. Bc4 e6 32. Rd1 Nbc6 33. Re4 Rxe4
34. Nxe4 Ke7 35. Kg1 Rd8 36. Kf2 b6 37. Rd2 h6 38. h3 f5 39. Nc3 Kf6 40. Ke3 g5
41. Nb5 Ke7 42. Nxd4 Nxd4 43. Rxd4 Rc8 44. g3 Rc5 45. Kd2 e5 46. Rd5 Rxd5+ 47.
Bxd5 Kd6 48. Bf7 e4 49. Kc3 Ke5 50. b4 f4 51. gxf4+ gxf4 52. bxa5 bxa5 53. b4
axb4+ 54. Kxb4 f3 55. Kc3 Kf4 56. Kd2 e3+ 57. Ke1 Kg3 58. Bd5 h5 59. a5 h4 60.
a6 f2+ 61. Kf1 Kxh3 62. a7 1-0

[Event "II Festival del Salento A"]
[Site "Gallipoli ITA"]
[Date "2013.05.27"]
[Round "3"]
[White "Cammarota, Vittorio"]
[Black "Al Hajiri, Bader"]
[WhiteElo "1884"]
[BlackElo "2019"]
[Result "0-1"]
[PlyCount "52"]
[EventDate "2013.05.25"]

1. Nf3 Nf6 2. d4 d5 3. e3 Bf5 4. c4 c6 5. Nbd2 e6 6. Qb3 Qc7 7. Nh4 Bg6 8. Nxg6
hxg6 9. Nf3 Nbd7 10. Bd3 g5 11. Bd2 g4 12. Ne5 Nxe5 13. dxe5 Nd7 14. cxd5 exd5
15. Bc3 a5 16. a4 Nxe5 17. Bxe5 Qxe5 18. Qxb7 Bb4+ 19. Kf1 O-O 20. Qxc6 Rac8
21. Qd7 Qxb2 22. Rd1 Rc1 23. Be2 Qd2 24. g3 Rxd1+ 25. Bxd1 Qxd1+ 26. Kg2 Qf3+
0-1